| 000 | 00619nam a2200193 i 4500 | ||
|---|---|---|---|
| 001 | 135523 | ||
| 003 | ES-MaACL | ||
| 005 | 20250910183113.0 | ||
| 007 | t| | ||
| 008 | 170719s1977 sp ||||1| cat d | ||
| 100 | 1 |
_aTorrent i Fàbregas, Joan. _9110838 |
|
| 245 | 1 | 0 |
_aJacint Verdaguer _b: resum. biografic / _cper Joan Torrent i Fábregas. |
| 260 |
_aBarcelona : _bBarcino, _c1977. |
||
| 300 |
_a89 p., 10 lám. : _bil. ; _c16 cm. |
||
| 490 | 1 |
_aCol. Popular Barcino ; _v150 |
|
| 830 | 0 |
_aCol·lecció popular Barcino _v150 _9229864 |
|
| 852 |
_aES-MaACL _jA-7934 _bR.96744 |
||
| 999 |
_c135523 _d135523 |
||